书目信息 |
| 题名: |
蓝犬:英国特工秘密档案
|
|
| 作者: | 宁泉骋 著 | |
| 分册: | ||
| 出版信息: | 广州 2000.03 |
|
| 页数: | 362页 | |
| 开本: | 32开 | |
| 丛书名: | ||
| 单 册: | ||
| 中图分类: | D756.136 | |
| 科图分类: | ||
| 主题词: | 政治 | |
| 电子资源: | ||
| ISBN: | 7-80655-040-2 | |
| 000 | 00544nam0 2200193 45 | |
| 001 | 0104121127 | |
| 005 | 20010413093147.7 | |
| 010 | @a7-80655-040-2@d18.00元 | |
| 100 | @a20010412d2000 km y0chiy0120 ea | |
| 101 | 0 | @achi |
| 105 | @a z 000yy | |
| 200 | 1 | @a蓝犬:英国特工秘密档案@ALan Quan:Ying Guo Te Gong Mi Mi Dang An@f宁泉骋著@FNing Quan Cheng Zhu |
| 210 | @a广州@d2000.03 | |
| 215 | @a362页@d32开 | |
| 606 | 0 | @a政治 |
| 690 | @aD756.136@v3 | |
| 701 | 0 | @a宁泉骋@4著 |
| 801 | @aCN@bPftUser@c20010412 | |
| 905 | @dD756.136@eN692@b338335@f1 | |
| 蓝犬:英国特工秘密档案/宁泉骋著.-广州,2000.03 |
| 362页;32开 |
| ISBN 7-80655-040-2:18.00元 |
| ● |
| 相关链接 |
|
|
|
正题名:蓝犬:英国特工秘密档案
索取号:D756.136/N692
 
预约/预借
| 序号 | 登录号 | 条形码 | 馆藏地/架位号 | 状态 | 备注 |
| 1 | 338335 | 203383356 | 社科库509/509社科库 78排1列4层/ [索取号:D756.136/N692] | 在馆 |